000 00612nam a2200193Ia 4500
005 20250508164925.0
008 008 250505s9999 xx 000 0 hin d
037 _aDissertations
040 _aFEDL
_beng
_cFEDL
041 _ahin
_2eng
084 _a370.954, JHA/DI
_qFEDL
100 _aJha Manoj Kumar
245 0 _aAdhunik, bhartiya shiksha ke itihas mein addhyapak - Shiksha sambandhi vibhin anushanshaon ka alochnatmak addhyan
260 _c1996
300 _a109p.
546 _aM.Ed. Dissertation (Delhi University)
942 _cDIS
_h370.954, JHA/DI
999 _c1392046
_d1392046